| 000 | 00330nam a22001337a 4500 | ||
|---|---|---|---|
| 020 | _a8174090398 | ||
| 082 | _a621.37 PRA | ||
| 100 | _aRajendra Prasad | ||
| 245 | _aElectrical Measurements & measuring instruments | ||
| 260 |
_aDelhi _bKhanna Publishers _c2015 |
||
| 300 | _a1027p. | ||
| 650 | _aElectric Measurements | ||
| 942 | _cBK | ||
| 999 |
_c13742 _d13742 |
||